000 00557cam a2200193 4500
001 781036
005 20250129110400.0
008 700312s1970 paua b 001 0 eng
020 _a0812100220
050 0 0 _aRB111
_b.B65 1970
082 0 0 _a616.07
100 1 _aBoyd, William,
_d1885-1979.
245 1 2 _aA textbook of pathology;
_bstructure and function in disease.
_cWilliam Boyd
250 _a8th ed.
260 _aPhiladelphia,
_bLea & Febiger,
_c1970.
300 _aviii, 1464 p.
_billus.
_c26 cm.
650 0 _aPathology.
942 _2lcc
_cBK
_e8th ed.
_n0
999 _c3202
_d3202